<?xml version="1.0" encoding="UTF-8"?>
<collection xmlns="http://www.loc.gov/MARC21/slim">
 <record>
  <leader>00527nab a2200157 i 4500</leader>
  <controlfield tag="001">delm102617</controlfield>
  <controlfield tag="005">20190430090453.0</controlfield>
  <controlfield tag="008">190430s1971    hu      o     0||   hun d</controlfield>
  <datafield tag="040" ind1=" " ind2=" ">
   <subfield code="a">SZTE Délmagyarország Archívum</subfield>
   <subfield code="b">hun</subfield>
  </datafield>
  <datafield tag="041" ind1=" " ind2=" ">
   <subfield code="a">hun</subfield>
  </datafield>
  <datafield tag="100" ind1="1" ind2=" ">
   <subfield code="a">Chikán Ágnes</subfield>
  </datafield>
  <datafield tag="245" ind1="1" ind2="0">
   <subfield code="a">Kígyó és vasaló </subfield>
   <subfield code="h">[elektronikus dokumentum] :</subfield>
   <subfield code="b">Hamarosan döntenek két gyógyszertár sorsáról /</subfield>
   <subfield code="c"> Chikán Ágnes</subfield>
  </datafield>
  <datafield tag="260" ind1=" " ind2=" ">
   <subfield code="c">1971-02-04</subfield>
  </datafield>
  <datafield tag="300" ind1=" " ind2=" ">
   <subfield code="a">5</subfield>
  </datafield>
  <datafield tag="490" ind1="0" ind2=" ">
   <subfield code="a">Délmagyarország</subfield>
   <subfield code="v">61 No. 29</subfield>
  </datafield>
  <datafield tag="695" ind1=" " ind2=" ">
   <subfield code="a">Oskola utca, gyógyszerészet, gyógyszertárak</subfield>
  </datafield>
 </record>
</collection>
